000
00337nam a2200133Ia 4500
008
240116s9999 xx 000 0 und d
082
_a
340.5491
_b
PAK-T
100
_a
Pakistan law house
245
4
_a
The Zakat and Ushr Ordinance 1980
260
_a
Pakistan
_b
Pakistan law house
_c
2020
300
_a
323
650
_a
Law
999
_c
35010
_d
35010